|
|
|
|
| LEADER |
01150nam a2200253 a 4500 |
| 001 |
31678 |
| 003 |
BD-DhAAL |
| 005 |
20170509121758.0 |
| 008 |
170509s20162006bg ||||| |||| 00| 1 ben d |
| 999 |
|
|
|c 38046
|d 38046
|
| 020 |
|
|
|a 9789849224822
|
| 040 |
|
|
|a BD-DhAAL
|
| 041 |
|
|
|a BEN
|
| 082 |
|
|
|2 23
|a 891.44371
|
| 100 |
|
|
|a আহমেদ, হুমায়ুন
|9 21523
|
| 245 |
|
|
|a কবি /
|b হুমায়ুন আহমেদ
|
| 260 |
|
|
|a ঢাকা :
|b কাকলী প্রকাশনী,
|c ২০১৬
|
| 300 |
|
|
|a ২৭৭ পৃষ্ঠা :
|c সে. মি.
|
| 526 |
|
|
|a AAL
|
| 541 |
|
|
|e 31678, 31679
|
| 650 |
|
|
|a Bengali fiction
|z Bangladesh
|9 21524
|
| 942 |
|
|
|2 ddc
|c BK
|
| 952 |
|
|
|0 0
|1 0
|2 ddc
|4 0
|6 891_443710000000000_AHM
|7 0
|8 FIC
|9 60187
|a BRACUL
|b BRACUL
|c GEN
|d 2017-04-13
|e Paragon Enterprise
|g 264.00
|l 15
|m 151
|o 891.44371 AHM
|p 3010031678
|q 2025-10-08
|r 2023-04-04
|s 2023-04-04
|t 1
|v 264.00
|w 2017-04-13
|y BK
|
| 952 |
|
|
|0 0
|1 0
|2 ddc
|4 0
|6 891_443710000000000_AHM
|7 0
|8 FIC
|9 60188
|a BRACUL
|b BRACUL
|c GEN
|d 2017-04-13
|e Paragon Enterprise
|g 264.00
|l 27
|m 202
|o 891.44371 AHM
|p 3010031679
|q 2026-06-02
|r 2026-04-19
|s 2026-04-19
|t 2
|v 264.00
|w 2017-04-13
|y BK
|